000 00349nam a2200133Ia 4500
008 230312s9999||||xx |||||||||||||| ||und||
082 _a629.132
_bENG-A
100 _aM.Haufe
245 0 _aEngine Installation Aeroplanes:P/66-B-1.1/020
260 _bPerth College
_c2006
300 _a190
650 _aAviation
_vEngineering/Technology
942 _cBK
999 _c12955
_d12955